Múzeum

Saved in:
Bibliographic Details
Main Author: Boldišová, Michaela (Author)
Other Authors: Schleicher, Alexander (Thesis advisor)
Format: Manuscript Book
Language:Slovak
Published: 2025
Subjects:
Online Access:http://is.stuba.sk/zp/portal_zp.pl?podrobnosti=185406
Tags: Add Tag
No Tags, Be the first to tag this record!

MARC

LEADER 00000ntm a22000003a 4500
001 stuzp104829
003 SK-STU
005 20250607210855.8
007 ta
008 150427s2015----xo-----f-mn---000-0-slo-d
040 |a STU  |b slo 
041 0 |a slo 
100 1 |a Boldišová, Michaela  |u 058180  |4 aut  |U FAD Fakulta architektúry a dizajnu  |T FAD Ústav architektúry občianskych budov  |X 105779  |U A8180  |Y 399  |7 105779 
242 0 1 |a Museum  |y eng 
245 1 0 |a Múzeum 
260 |c 2025 
650 4 |a museum  |2 eng 
650 4 |a inclusion  |2 eng 
650 4 |a extension  |2 eng 
650 4 |a openness  |2 eng 
650 4 |a inklúzia  |2 slo 
650 4 |a prístavba  |2 slo 
650 4 |a Kľúčové slová - múzeum  |2 slo 
650 4 |a otvorenosť  |2 slo 
700 1 |a Schleicher, Alexander  |u 058180  |k Z1  |4 ths  |U FAD Fakulta architektúry a dizajnu  |T FAD Ústav architektúry občianskych budov  |X 472  |U A8180  |Y 399  |7 A000000472 
856 4 |u http://is.stuba.sk/zp/portal_zp.pl?podrobnosti=185406